Villes de Bresse - Statistiques

Statistiques générales
  • Ce quiz a été pris 60 fois
  • Le résultat moyen est 4 sur 10
Statistiques - réponses
Ville Population % Correct
Bourg-en-Bresse 41 525
98%
Louhans 6 454
56%
Viriat 6 808
51%
Péronnas 6 448
38%
Saint-Denis-lès-Bourg 6 063
33%
Attignat 3 336
31%
Replonges 3 899
20%
Feillens 3 381
18%
Bâgé-Dommartin 4 065
9%
Ouroux-sur-Saône 3 134
4%
Aucun quiz correspondant
Distribution des résultats
% des personnes avec chaque résultat
Percentile par nombre de réponses
Votre historique - résultats
Vous n’avez pas pris ce quiz